[Event "Kiel op 34th"]
[Site "Kiel"]
[Date "2022.08.02"]
[Round "6"]
[White "Sturm, Simon1111"]
[Black "Schmitz, Andreas Arnold"]
[Result "1-0"]
[WhiteElo "1569"]
[BlackElo "2070"]
[PlyCount "99"]
[EventDate "2022.07.30"]
[EventType "swiss"]
[EventRounds "9"]
[EventCountry "GER"]
[SourceTitle "CBM 209 Extra"]
[Source "ChessBase"]
[SourceDate "2022.09.30"]
[SourceVersion "1"]
[SourceVersionDate "2022.09.30"]
[SourceQuality "1"]

1. c4 c5 2. g3 Nf6 3. Bg2 Nc6 4. Nc3 g6 5. e4 d6 6. Nge2 Bg7 7. 0-0 0-0 8. d3 Ne8 9. h3 f5 10. f4 e5 11. Rb1 Nf6 12. a3 Be6 13. Kh2 a5 14. Nd5 Rb8 15. b3 Nd4 16. fxe5 dxe5 17. Nxd4 exd4 18. Bf4 Rc8 19. Nxf6+ Qxf6 20. e5 Qe7 21. Qd2 Qc7 22. Rfe1 b6 23. b4 axb4 24. axb4 Rf7 25. bxc5 bxc5 26. Rb7 Qd8 27. Reb1 Rxb7 28. Rxb7 Rc7 29. Rb6 Bc8 30. Qa5 g5 31. Rd6 Bd7 32. Bxg5 Qc8 33. Bd5+ Kh8 34. e6 h6 35. exd7 Rxd7 36. Rxd7 Qxd7 37. Qa8+ Kh7 38. Bf4 Qe7 39. Qg8+ Kg6 40. Qe6+ Qxe6 41. Bxe6 Bf6 42. g4 fxg4 43. hxg4 Be7 44. Bf5+ Kg7 45. Kg3 Bf8 46. Kf3 Be7 47. Ke4 Bf8 48. Kd5 Kf6 49. Be4 Be7 50. Bxh6 1-0

[Event "Bremen Silvester op"]
[Site "Bremen"]
[Date "2021.12.30"]
[Round "7"]
[White "Schmitz, Andreas Arnold"]
[Black "Ciolek, Andreas"]
[Result "1/2-1/2"]
[WhiteElo "2015"]
[BlackElo "2217"]
[PlyCount "37"]
[EventDate "2021.12.21"]
[EventType "swiss"]
[EventRounds "7"]
[EventCountry "GER"]
[SourceTitle "CBM 205 Extra"]
[Source "ChessBase"]
[SourceDate "2022.01.31"]
[SourceVersion "1"]
[SourceVersionDate "2022.01.31"]
[SourceQuality "1"]

1. e4 c5 2. c3 Nf6 3. e5 Nd5 4. d4 cxd4 5. cxd4 d6 6. Nf3 Nc6 7. Bc4 Nb6 8. Bb3 dxe5 9. Nxe5 Nxe5 10. dxe5 Qxd1+ 11. Bxd1 Bd7 12. Bf3 Rc8 13. Be3 Bc6 14. Nd2 Bxf3 15. Nxf3 e6 16. 0-0 Bc5 17. Bxc5 Rxc5 18. Rfc1 Rxc1+ 19. Rxc1 1/2-1/2

[Event "Bremen Silvester op"]
[Site "Bremen"]
[Date "2021.12.29"]
[Round "5"]
[White "Schmitz, Andreas Arnold"]
[Black "Van Osch, Mees"]
[Result "1-0"]
[WhiteElo "2015"]
[BlackElo "2364"]
[PlyCount "141"]
[EventDate "2021.12.21"]
[EventType "swiss"]
[EventRounds "7"]
[EventCountry "GER"]
[SourceTitle "CBM 205 Extra"]
[Source "ChessBase"]
[SourceDate "2022.01.31"]
[SourceVersion "1"]
[SourceVersionDate "2022.01.31"]
[SourceQuality "1"]

1. e4 e6 2. d4 d5 3. Nc3 Bb4 4. e5 c5 5. a3 Ba5 6. Qg4 Kf8 7. Nf3 cxd4 8. Nxd4 Qc7 9. Qg3 Nc6 10. Nxc6 bxc6 11. b4 Bb6 12. Bb2 Ne7 13. Na4 h5 14. c4 Qb8 15. cxd5 cxd5 16. Bd3 h4 17. Qg5 Bd7 18. Nxb6 Qxb6 19. 0-0 Bb5 20. Bxb5 Qxb5 21. a4 Qe2 22. Bd4 Rh5 23. Qe3 Qxe3 24. fxe3 Ke8 25. Rac1 Rc8 26. Bxa7 Rxe5 27. b5 Re4 28. b6 Rb4 29. Rb1 Rxa4 30. b7 Rxa7 31. b8Q Rxb8 32. Rxb8+ Kd7 33. Rxf7 g6 34. Rh8 Kd6 35. Rxh4 Nf5 36. Rxa7 Nxh4 37. Kf2 Ke5 38. g4 g5 39. Ra4 Ng6 40. Rb4 Nf8 41. Rb7 Ng6 42. Rh7 Kf6 43. Kg3 Ke5 44. Rf7 Nh4 45. Kf2 Ng6 46. Ke2 Nh4 47. Kd3 Ng6 48. Ra7 Kf6 49. h3 Ne5+ 50. Ke2 Kg6 51. e4 d4 52. Ra4 d3+ 53. Ke3 Kf7 54. Ra2 Ke7 55. Kd4 Nc6+ 56. Kc5 Ne5 57. Rd2 Kf6 58. Rd1 Ke7 59. Kd4 Kd6 60. Rf1 d2 61. Rd1 Nf3+ 62. Ke3 Nh4 63. Rxd2+ Ke5 64. Ra2 Ng6 65. Ra5+ Kf6 66. Kd4 Nf4 67. e5+ Kg6 68. Ra3 Kf7 69. Rf3 Kg6 70. Rxf4 gxf4 71. h4 1-0

[Event "Bremen Silvester op"]
[Site "Bremen"]
[Date "2021.12.28"]
[Round "3"]
[White "Noetzel, Felix"]
[Black "Schmitz, Andreas Arnold"]
[Result "0-1"]
[WhiteElo "2233"]
[BlackElo "2015"]
[PlyCount "92"]
[EventDate "2021.12.21"]
[EventType "swiss"]
[EventRounds "7"]
[EventCountry "GER"]
[SourceTitle "CBM 205 Extra"]
[Source "ChessBase"]
[SourceDate "2022.01.31"]
[SourceVersion "1"]
[SourceVersionDate "2022.01.31"]
[SourceQuality "1"]

1. c4 e5 2. Nc3 Nf6 3. g3 Nc6 4. Bg2 Bc5 5. e3 a5 6. Nge2 d6 7. 0-0 0-0 8. b3 Bf5 9. d4 exd4 10. Nxd4 Bd7 11. Bb2 Qc8 12. Nxc6 Bxc6 13. Bxc6 bxc6 14. Na4 Ne4 15. Nxc5 Nxc5 16. Qd4 Ne6 17. Qc3 f5 18. Rad1 Qd7 19. f3 Qf7 20. Kg2 Qh5 21. Rfe1 Rf6 22. e4 Rg6 23. exf5 Nf4+ 24. Kg1 Qxf5 25. Rd4 Rf8 26. Rde4 Qh3 27. Rxf4 Rxf4 28. Re8+ Kf7 29. Re3 Rh4 30. Re2 Rhh6 31. Qd4 Rxg3+ 32. Kf2 Qxh2+ 33. Ke1 Qg1+ 34. Qxg1 Rxg1+ 35. Kd2 Re6 36. Rh2 h6 37. Bc3 Rg5 38. a4 h5 39. b4 axb4 40. Bxb4 Reg6 41. Rh4 Rg2+ 42. Kd3 c5 43. Bc3 R6g3 44. Rf4+ Ke7 45. a5 g5 46. Rf5 g4 0-1

[Event "Rottach Egern Seniors Cup 9th"]
[Site "Rottach Egern"]
[Date "2021.10.25"]
[Round "4"]
[White "Hansult, Manfred"]
[Black "Schmitz, Andreas Arnold"]
[Result "1/2-1/2"]
[WhiteElo "1822"]
[BlackElo "2013"]
[PlyCount "96"]
[EventDate "2021.10.22"]
[EventType "swiss"]
[EventRounds "7"]
[EventCountry "GER"]
[SourceTitle "CBM 204 Extra"]
[Source "ChessBase"]
[SourceDate "2021.11.30"]
[SourceVersion "1"]
[SourceVersionDate "2021.11.30"]
[SourceQuality "1"]

1. d4 d5 2. Nf3 Nf6 3. e3 Bg4 4. h3 Bh5 5. g4 Bg6 6. Ne5 Nfd7 7. Nxg6 hxg6 8. Bg2 c6 9. Nc3 e6 10. e4 dxe4 11. Nxe4 Nf6 12. Nxf6+ gxf6 13. Bf4 Bd6 14. Bxd6 Qxd6 15. Qd2 Na6 16. 0-0-0 0-0-0 17. a3 Nc7 18. f4 f5 19. c3 Rh4 20. Qf2 Rdh8 21. Rdf1 fxg4 22. hxg4 Rxh1 23. Rxh1 Rxh1+ 24. Bxh1 Nd5 25. Bxd5 exd5 26. Qe3 Kd7 27. Kd2 f6 28. b4 b5 29. Kd3 Qb8 30. g5 fxg5 31. Qh3+ Ke7 32. fxg5 Qg8 33. Qh2 Kd7 34. Qh3+ Qe6 35. Qh7+ Kd6 36. Qh2+ Kd7 37. Qh7+ Kc8 38. Qh8+ Kc7 39. Qh2+ Kd7 40. Qh7+ Ke8 41. Qh8+ Ke7 42. Qg7+ Kd6 43. Qf8+ Kc7 44. Qg7+ Kb6 45. Qf6 Qe4+ 46. Kd2 Qb1 47. Qd8+ Kb7 48. Qd7+ Kb6 1/2-1/2

[Event "Wohlen op 1st"]
[Site "Wohlen"]
[Date "2020.08.23"]
[Round "5"]
[White "Schmitz, Andreas Arnold"]
[Black "Kuegel, Tobias"]
[Result "0-1"]
[WhiteElo "2019"]
[BlackElo "2277"]
[PlyCount "84"]
[EventDate "2020.08.21"]
[EventType "swiss"]
[EventRounds "5"]
[EventCountry "SUI"]
[SourceTitle "CBM 198 Extra"]
[Source "ChessBase"]
[SourceDate "2020.11.30"]
[SourceVersion "1"]
[SourceVersionDate "2020.11.30"]
[SourceQuality "1"]

1. e4 e5 2. Nf3 Nc6 3. Bc4 Bc5 4. c3 Nf6 5. d4 exd4 6. cxd4 Bb4+ 7. Bd2 Bxd2+ 8. Nbxd2 d5 9. exd5 Nxd5 10. 0-0 0-0 11. Ne5 Nxe5 12. dxe5 Nf4 13. Nf3 Qxd1 14. Rfxd1 Be6 15. Bxe6 Nxe6 16. Nd4 Rfd8 17. Nxe6 fxe6 18. f4 Kf7 19. Kf2 Ke7 20. Ke3 c5 21. Rxd8 Rxd8 22. Rc1 Rd5 23. h4 Kd7 24. g4 b5 25. a4 Kc6 26. axb5+ Kxb5 27. Ke4 Rd4+ 28. Ke3 g6 29. h5 Rb4 30. Rc2 Rb3+ 31. Ke4 a5 32. hxg6 hxg6 33. Rd2 a4 34. Rd8 Rb4+ 35. Ke3 Rb3+ 36. Ke4 Kc4 37. Ra8 Rb4 38. Re8 Kb3+ 39. Kf3 Rb6 40. Rd8 Kxb2 41. Rd6 Rb3+ 42. Ke4 a3 0-1

[Event "Wohlen op 1st"]
[Site "Wohlen"]
[Date "2020.08.21"]
[Round "1"]
[White "Schmitz, Andreas Arnold"]
[Black "Wipf, Armin"]
[Result "1-0"]
[WhiteElo "2019"]
[BlackElo "1516"]
[PlyCount "91"]
[EventDate "2020.08.21"]
[EventType "swiss"]
[EventRounds "5"]
[EventCountry "SUI"]
[SourceTitle "CBM 198 Extra"]
[Source "ChessBase"]
[SourceDate "2020.11.30"]
[SourceVersion "1"]
[SourceVersionDate "2020.11.30"]
[SourceQuality "1"]

1. e4 d5 2. exd5 Qxd5 3. Nc3 Qa5 4. Nf3 Nf6 5. Qe2 Bg4 6. Qb5+ Qxb5 7. Bxb5+ c6 8. Be2 Nbd7 9. 0-0 e6 10. d4 Be7 11. Ne5 Bxe2 12. Nxe2 Nxe5 13. dxe5 Nd7 14. f4 Bc5+ 15. Kh1 0-0-0 16. Nc3 Bb6 17. Ne4 Kb8 18. b3 Nc5 19. Nd6 Rd7 20. Ba3 Rhd8 21. c4 Na6 22. b4 Ka8 23. c5 Bc7 24. f5 Bxd6 25. cxd6 exf5 26. Rxf5 Re8 27. Raf1 f6 28. exf6 gxf6 29. Rxf6 b5 30. Rf8 Rxf8 31. Rxf8+ Kb7 32. h4 Rxd6 33. Rf7+ Kb6 34. Rxh7 Rd3 35. Bb2 Rd2 36. Bf6 Nxb4 37. g4 Nd5 38. Bd8+ Kc5 39. Rxa7 Ne3 40. Bg5 Rd1+ 41. Kh2 Nxg4+ 42. Kg2 Ne5 43. h5 Rd7 44. Rxd7 Nxd7 45. h6 Nf8 46. Be7+ 1-0

[Event "Ferreira do Alentejo 2nd"]
[Site "Ferreira do Alentejo"]
[Date "2019.12.21"]
[Round "8"]
[White "Schmitz, Andreas Arnold"]
[Black "Tieres, Cristiano Rodrigues"]
[Result "1-0"]
[WhiteElo "2013"]
[BlackElo "1848"]
[PlyCount "55"]
[EventDate "2019.12.17"]
[EventType "swiss"]
[EventRounds "9"]
[EventCountry "POR"]
[SourceTitle "CBM 193 Extra"]
[Source "ChessBase"]
[SourceDate "2020.01.31"]
[SourceVersion "1"]
[SourceVersionDate "2020.01.31"]
[SourceQuality "1"]

1. e4 c5 2. c3 d5 3. exd5 Qxd5 4. d4 g6 5. dxc5 Qxc5 6. Be3 Qc7 7. Na3 a6 8. Bc4 Bg7 9. Qb3 e6 10. Bb6 Qc6 11. Nf3 Nd7 12. Be3 Ngf6 13. 0-0 0-0 14. Nd4 Qe4 15. Rae1 Qh4 16. Nf3 Qh5 17. Be2 Qa5 18. Nc4 Qc7 19. Nb6 Nxb6 20. Bxb6 Qf4 21. g3 Qg4 22. Ne5 Qf5 23. f4 Nd5 24. Bc5 Re8 25. c4 Ne7 26. g4 Qf6 27. g5 Qf5 28. Bg4 1-0

[Event "Ferreira do Alentejo 2nd"]
[Site "Ferreira do Alentejo"]
[Date "2019.12.20"]
[Round "6"]
[White "Schmitz, Andreas Arnold"]
[Black "Fernandes, Antonio ETG"]
[Result "0-1"]
[WhiteElo "2013"]
[BlackElo "2361"]
[PlyCount "88"]
[EventDate "2019.12.17"]
[EventType "swiss"]
[EventRounds "9"]
[EventCountry "POR"]
[SourceTitle "CBM 193 Extra"]
[Source "ChessBase"]
[SourceDate "2020.01.31"]
[SourceVersion "1"]
[SourceVersionDate "2020.01.31"]
[SourceQuality "1"]

1. e4 c5 2. c3 Nf6 3. e5 Nd5 4. d4 cxd4 5. cxd4 d6 6. Nf3 e6 7. Be2 Bd7 8. 0-0 Bc6 9. Nc3 Be7 10. Nb5 0-0 11. exd6 Bxd6 12. Nxd6 Qxd6 13. Ne5 Rd8 14. Bd3 Nf6 15. Be3 Nbd7 16. Nxc6 Qxc6 17. Qb3 Nb6 18. Rac1 Qd6 19. h3 Nfd5 20. Be4 Rd7 21. Rc5 Re8 22. Rfc1 Nxe3 23. fxe3 g6 24. a4 Ree7 25. Bf3 Nd5 26. Qa3 Kg7 27. b4 b6 28. R5c4 a5 29. e4 axb4 30. Qb3 Nc3 31. Rxb4 Na2 32. Rcc4 Nxb4 33. Rxb4 Rc7 34. e5 Qd8 35. Qb2 Red7 36. d5 Qg5 37. d6 Rc5 38. Rb5 Qe3+ 39. Kh2 Qf4+ 40. g3 Qxf3 41. Rxc5 bxc5 42. a5 Rb7 43. Qc1 Qf2+ 44. Kh1 Rb2 0-1

[Event "Ferreira do Alentejo 2nd"]
[Site "Ferreira do Alentejo"]
[Date "2019.12.19"]
[Round "5"]
[White "Schmitz, Andreas Arnold"]
[Black "Figuero Toro, Julian Francisco"]
[Result "1/2-1/2"]
[WhiteElo "2013"]
[BlackElo "2240"]
[PlyCount "151"]
[EventDate "2019.12.17"]
[EventType "swiss"]
[EventRounds "9"]
[EventCountry "POR"]
[SourceTitle "CBM 193 Extra"]
[Source "ChessBase"]
[SourceDate "2020.01.31"]
[SourceVersion "1"]
[SourceVersionDate "2020.01.31"]
[SourceQuality "1"]

1. e4 e5 2. Nf3 Nf6 3. Nxe5 d6 4. Nf3 Nxe4 5. Qe2 Qe7 6. d3 Nf6 7. Bg5 Qxe2+ 8. Bxe2 Be7 9. Nc3 c6 10. Ne4 Nd5 11. c4 Nb4 12. Bxe7 Kxe7 13. 0-0 Bg4 14. d4 d5 15. Ned2 Rd8 16. c5 a5 17. a3 N4a6 18. Rfe1 Kf8 19. Ne5 Bxe2 20. Rxe2 Nc7 21. Rae1 a4 22. Nxf7 Re8 23. Nd6 Rxe2 24. Rxe2 Nd7 25. Re3 Rb8 26. Rf3+ Nf6 27. b4 Ne6 28. Rd3 b6 29. g3 bxc5 30. dxc5 Ke7 31. f4 g6 32. Re3 Nd7 33. g4 Kf6 34. g5+ Ke7 35. Nf3 Ndxc5 36. bxc5 Rb3 37. Nc8+ Kd8 38. Rxe6 Rxf3 39. Rxc6 Rxa3 40. Nb6 Ra1+ 41. Kg2 a3 42. Nxd5 Rc1 43. Rd6+ Kc8 44. Ne7+ Kb7 45. c6+ Kb8 46. Rd2 Rc5 47. Ra2 Ra5 48. h4 Kc7 49. h5 gxh5 50. Kg3 Kd6 51. Nf5+ Rxf5 52. Rxa3 h6 53. Rc3 Kc7 54. gxh6 Rf6 55. Kh4 Rxh6 56. Rc5 Rh8 57. Rc4 Rh7 58. f5 Rh8 59. Kg5 Rf8 60. f6 Rc8 61. Kxh5 Kd6 62. f7 Ke7 63. Kg6 Kf8 64. Rc1 Rc7 65. Kf5 Kxf7 66. Ke5 Ke7 67. Kd5 Kd8 68. Kc5 Rh7 69. Kb6 Rh2 70. Rc5 Kc8 71. Rg5 Rb2+ 72. Kc5 Rc2+ 73. Kd6 Rd2+ 74. Rd5 Rh2 75. Rd4 Rh1 76. Rd5 1/2-1/2

[Event "Wiesbaden op 31st"]
[Site "Wiesbaden"]
[Date "2019.08.25"]
[Round "6"]
[White "Neurohr, Juergen"]
[Black "Schmitz, Andreas Arnold"]
[Result "1-0"]
[WhiteElo "2127"]
[BlackElo "1991"]
[PlyCount "67"]
[EventDate "2019.08.22"]
[EventType "swiss"]
[EventRounds "7"]
[EventCountry "GER"]
[SourceTitle "EXT 2020"]
[Source "ChessBase"]
[SourceDate "2019.10.17"]
[SourceVersion "1"]
[SourceVersionDate "2019.10.17"]
[SourceQuality "1"]

1. d4 d5 2. c4 dxc4 3. e3 e5 4. Bxc4 exd4 5. exd4 Nf6 6. Nf3 Be7 7. Nc3 0-0 8. 0-0 Nbd7 9. Re1 Nb6 10. Bb3 c6 11. Bg5 Bg4 12. h3 Bh5 13. g4 Bg6 14. Ne5 Re8 15. f4 Nfd5 16. Bxe7 Rxe7 17. f5 f6 18. fxg6 fxe5 19. gxh7+ Kxh7 20. Qd3+ g6 21. dxe5 Nxc3 22. Qxc3 Nd5 23. Qg3 Qb6+ 24. Kh1 Rae8 25. Re2 Qd4 26. Rae1 g5 27. Rd1 Qf4 28. Qd3+ Kh8 29. Bxd5 cxd5 30. Qxd5 Rc8 31. e6 Kg8 32. Qf5 Qg3 33. Qxg5+ Rg7 34. Qe3 1-0

[Event "Wiesbaden op 31st"]
[Site "Wiesbaden"]
[Date "2019.08.25"]
[Round "7"]
[White "Schmitz, Andreas Arnold"]
[Black "Hagner, Bennet"]
[Result "1-0"]
[WhiteElo "1991"]
[BlackElo "1847"]
[PlyCount "105"]
[EventDate "2019.08.22"]
[EventType "swiss"]
[EventRounds "7"]
[EventCountry "GER"]
[SourceTitle "EXT 2020"]
[Source "ChessBase"]
[SourceDate "2019.10.17"]
[SourceVersion "1"]
[SourceVersionDate "2019.10.17"]
[SourceQuality "1"]

1. e4 e5 2. Nf3 Nc6 3. Bc4 Bc5 4. c3 Nf6 5. d4 exd4 6. cxd4 Bb4+ 7. Bd2 Nxe4 8. Bxb4 Nxb4 9. Bxf7+ Kxf7 10. Qb3+ Kf8 11. Qxb4+ Qe7 12. Qxe7+ Kxe7 13. 0-0 Nf6 14. Re1+ Kd8 15. Nc3 d6 16. Ng5 Rf8 17. f4 h6 18. Nf3 Bg4 19. Nd2 Kd7 20. Re3 Rae8 21. Rae1 Rxe3 22. Rxe3 Re8 23. Rxe8 Nxe8 24. Kf2 Nf6 25. h3 Be6 26. g4 Kc6 27. f5 Bf7 28. a3 g6 29. fxg6 Bxg6 30. Kf3 Nd5 31. Nce4 Kd7 32. g5 hxg5 33. Kg4 Bxe4 34. Nxe4 Nf4 35. Nxg5 Ne2 36. Nf3 Ke6 37. Kg5 c5 38. dxc5 dxc5 39. h4 b5 40. h5 b4 41. axb4 cxb4 42. Ne5 Ng3 43. h6 Ne4+ 44. Kg6 Nf6 45. Nc6 Nd7 46. Kg7 Nf6 47. Nxa7 Nh5+ 48. Kf8 Nf6 49. Nc6 Kf5 50. Kg7 Ne8+ 51. Kf7 Nf6 52. Nxb4 Kg5 53. Nd5 1-0

[Event "Wiesbaden op 31st"]
[Site "Wiesbaden"]
[Date "2019.08.23"]
[Round "3"]
[White "Schmitz, Andreas Arnold"]
[Black "Stork, Oliver"]
[Result "1/2-1/2"]
[WhiteElo "1991"]
[BlackElo "2322"]
[PlyCount "71"]
[EventDate "2019.08.22"]
[EventType "swiss"]
[EventRounds "7"]
[EventCountry "GER"]
[SourceTitle "EXT 2020"]
[Source "ChessBase"]
[SourceDate "2019.10.17"]
[SourceVersion "1"]
[SourceVersionDate "2019.10.17"]
[SourceQuality "1"]

1. e4 c6 2. Nc3 d5 3. Qf3 dxe4 4. Nxe4 Nd7 5. d4 Ngf6 6. c3 g6 7. Nxf6+ Nxf6 8. h3 Bg7 9. Bd3 0-0 10. Ne2 c5 11. 0-0 cxd4 12. Nxd4 e5 13. Nb3 Qc7 14. Be3 Bd7 15. Rad1 Rfe8 16. Qe2 Nd5 17. Nc5 Nf4 18. Qc2 Nxd3 19. Qxd3 Bc6 20. Qd6 Qa5 21. Nd7 Re6 22. Qb4 Qxb4 23. cxb4 b6 24. Rd2 Rd8 25. Rfd1 Kh8 26. f4 exf4 27. Bxf4 h6 28. Nb8 Rxd2 29. Rxd2 Bb5 30. b3 Bc3 31. Rd5 Re1+ 32. Kf2 Rf1+ 33. Ke3 Re1+ 34. Kf2 Rf1+ 35. Ke3 Re1+ 36. Kf2 1/2-1/2

[Event "Wiesbaden op 31st"]
[Site "Wiesbaden"]
[Date "2019.08.22"]
[Round "1"]
[White "Baumeister, Lutz"]
[Black "Schmitz, Andreas Arnold"]
[Result "0-1"]
[WhiteElo "1505"]
[BlackElo "1991"]
[PlyCount "74"]
[EventDate "2019.08.22"]
[EventType "swiss"]
[EventRounds "7"]
[EventCountry "GER"]
[SourceTitle "EXT 2020"]
[Source "ChessBase"]
[SourceDate "2019.10.17"]
[SourceVersion "1"]
[SourceVersionDate "2019.10.17"]
[SourceQuality "1"]

1. d4 d5 2. Nf3 Nf6 3. e3 Bg4 4. Be2 e6 5. 0-0 Nbd7 6. h3 Bh5 7. Nbd2 c5 8. c3 Bd6 9. dxc5 Nxc5 10. Nb3 0-0 11. Nxc5 Bxc5 12. Ne5 Bxe2 13. Qxe2 Ne4 14. Nd3 Bd6 15. Bd2 Rc8 16. Rac1 Bb8 17. Be1 Qd6 18. f4 Qa6 19. a3 f5 20. Rd1 Nc5 21. Qc2 Nxd3 22. Qxd3 Qxd3 23. Rxd3 b5 24. Kf2 a5 25. Kf3 Rc4 26. Rd4 a4 27. Rxc4 bxc4 28. Rf2 Bd6 29. Rc2 Be7 30. Bf2 Rb8 31. Be1 Rb3 32. Bd2 Kf7 33. g4 fxg4+ 34. hxg4 g5 35. Bc1 Kg6 36. Rd2 gxf4 37. exf4 Bxa3 0-1

[Event "Mittelrhein Verbandsliga-N 18/19"]
[Site "Nordrheinwestfalen"]
[Date "2019.05.19"]
[Round "11.2"]
[White "Schmitz, Andreas Arnold"]
[Black "Happ, Tobias"]
[Result "1/2-1/2"]
[WhiteElo "2015"]
[BlackElo "2025"]
[PlyCount "101"]
[EventDate "2018.09.02"]
[EventType "team-tourn"]
[EventRounds "12"]
[EventCountry "GER"]
[SourceTitle "EXT 2022"]
[Source "ChessBase"]
[SourceDate "2021.10.06"]
[SourceVersion "1"]
[SourceVersionDate "2021.10.06"]
[SourceQuality "1"]
[WhiteTeam "Eikamp ISVFB"]
[BlackTeam "Hitdorf SV Springer"]
[WhiteTeamCountry "GER"]
[BlackTeamCountry "GER"]

1. e4 c6 2. Nc3 d5 3. Qf3 dxe4 4. Nxe4 Nd7 5. d4 Ndf6 6. c3 Nxe4 7. Qxe4 Nf6 8. Qc2 Qd5 9. Nf3 Bf5 10. Bd3 Bxd3 11. Qxd3 Qe4+ 12. Qxe4 Nxe4 13. Be3 e6 14. 0-0-0 Bd6 15. Rhe1 0-0 16. Ne5 Rfd8 17. f3 Nf6 18. Bg5 Be7 19. Bxf6 Bxf6 20. f4 Rac8 21. Kc2 Kf8 22. a4 Ke7 23. Nd3 Kf8 24. g4 h6 25. a5 b6 26. axb6 axb6 27. b4 Rd5 28. Ra1 Be7 29. Re5 Bf6 30. Rxd5 cxd5 31. Kb3 g5 32. fxg5 hxg5 33. Ra6 Bd8 34. Ne5 Kg7 35. Ra7 Bc7 36. Nf3 Kg6 37. Rb7 f5 38. h3 Kf6 39. Kc2 Kg6 40. b5 Kf6 41. Kd3 Kg6 42. c4 dxc4+ 43. Kxc4 Bf4+ 44. Kd3 Rb8 45. Rxb8 Bxb8 46. Nd2 Kf6 47. Nc4 Bc7 48. Ke3 Bf4+ 49. Kf3 Bc7 50. Ne3 Bf4 51. Nc4 1/2-1/2

[Event "Dublin Irish op"]
[Site "Dublin"]
[Date "2019.04.18"]
[Round "2"]
[White "Longson, Alexander"]
[Black "Schmitz, Andreas Arnold"]
[Result "1-0"]
[WhiteElo "2318"]
[BlackElo "2003"]
[PlyCount "121"]
[EventDate "2019.04.17"]
[EventType "swiss"]
[EventRounds "9"]
[EventCountry "IRL"]
[SourceTitle "CBM 189 Extra"]
[Source "ChessBase"]
[SourceDate "2019.06.03"]
[SourceVersion "1"]
[SourceVersionDate "2019.06.03"]
[SourceQuality "1"]

1. d4 d5 2. c4 dxc4 3. e3 e5 4. Bxc4 exd4 5. exd4 Nf6 6. Qb3 Qe7+ 7. Ne2 Qb4+ 8. Nbc3 Qxb3 9. Bxb3 Bb4 10. 0-0 Bg4 11. Nf4 0-0 12. f3 Bd7 13. Nd3 a5 14. Bg5 Bxc3 15. bxc3 a4 16. Bc2 Nd5 17. Bd2 b5 18. Rab1 Nb6 19. Nc5 Bc6 20. Bd3 Bd5 21. Rxb5 Bxa2 22. Ra1 Bd5 23. Bf4 Bc6 24. Rb2 Nd5 25. Bd2 Nd7 26. Nxd7 Bxd7 27. Be4 c6 28. Bc2 c5 29. Be4 Bc6 30. c4 Ne7 31. d5 f5 32. Bc2 Be8 33. Be3 Ra5 34. Rba2 Nc8 35. Bxa4 Bxa4 36. Rxa4 Rxa4 37. Rxa4 Nb6 38. Ra7 Rc8 39. Bd2 Nxc4 40. Bc3 Rd8 41. Rxg7+ Kf8 42. Rxh7 Rxd5 43. Rc7 Ke8 44. h4 f4 45. Bf6 Ne3 46. Bg5 Rd1+ 47. Kh2 Rd2 48. Bxf4 Rxg2+ 49. Kh3 Re2 50. Rxc5 Ng2 51. Bg3 Kf7 52. Kg4 Ne3+ 53. Kg5 Rg2 54. Kf4 Nf1 55. Be1 Nh2 56. Rc1 Rg1 57. Bd2 Rg2 58. Be3 Ra2 59. Bg1 Ra4+ 60. Kg3 Nxf3 61. Rf1 1-0

[Event "Dublin Irish op"]
[Site "Dublin"]
[Date "2019.04.17"]
[Round "1"]
[White "Schmitz, Andreas Arnold"]
[Black "Honner, Mervyn"]
[Result "1-0"]
[WhiteElo "2003"]
[BlackElo "1441"]
[PlyCount "47"]
[EventDate "2019.04.17"]
[EventType "swiss"]
[EventRounds "9"]
[EventCountry "IRL"]
[SourceTitle "CBM 189 Extra"]
[Source "ChessBase"]
[SourceDate "2019.06.03"]
[SourceVersion "1"]
[SourceVersionDate "2019.06.03"]
[SourceQuality "1"]

1. e4 e5 2. Nf3 Nc6 3. Bc4 Bc5 4. c3 d6 5. d4 exd4 6. cxd4 Bb4+ 7. Bd2 Bxd2+ 8. Nbxd2 a6 9. 0-0 Bg4 10. Qb3 Nh6 11. Qxb7 Na5 12. Qb4 Nxc4 13. Qxc4 0-0 14. Rac1 Ra7 15. Rc3 Qe7 16. Re1 Bxf3 17. Nxf3 g5 18. Nxg5 Kh8 19. f4 Nf5 20. Rh3 h6 21. Nf3 Kg7 22. exf5 Qd7 23. f6+ Kg6 24. Qd3+ 1-0

[Event "Mittelrhein Verbandsliga-N 18/19"]
[Site "Nordrheinwestfalen"]
[Date "2019.03.10"]
[Round "8.2"]
[White "Pawlowski, Lukasz"]
[Black "Schmitz, Andreas Arnold"]
[Result "1/2-1/2"]
[WhiteElo "1865"]
[BlackElo "2015"]
[PlyCount "100"]
[EventDate "2018.09.02"]
[EventType "team-tourn"]
[EventRounds "12"]
[EventCountry "GER"]
[SourceTitle "EXT 2022"]
[Source "ChessBase"]
[SourceDate "2021.10.06"]
[SourceVersion "1"]
[SourceVersionDate "2021.10.06"]
[SourceQuality "1"]
[WhiteTeam "Koeln Worringen"]
[BlackTeam "Eikamp ISVFB"]
[WhiteTeamCountry "GER"]
[BlackTeamCountry "GER"]

1. e4 e6 2. d4 d5 3. Nc3 Bb4 4. exd5 exd5 5. Bd3 Nc6 6. Nf3 Bg4 7. Be3 Qf6 8. a3 Bxc3+ 9. bxc3 Bxf3 10. Qxf3 Qxf3 11. gxf3 Nge7 12. Rg1 g6 13. c4 f5 14. cxd5 Nxd5 15. c4 Nxe3 16. fxe3 0-0-0 17. 0-0-0 Rhe8 18. Rge1 f4 19. Be4 fxe3 20. d5 Ne5 21. c5 c6 22. dxc6 bxc6 23. Rxe3 Rxd1+ 24. Kxd1 Nd7 25. Kd2 Kc7 26. Rc3 Re5 27. Ke3 Rxc5 28. Rb3 Rc4 29. Kf4 Nc5 30. Re3 Nxe4 31. fxe4 Rc2 32. Rh3 h5 33. Ke5 c5 34. Kf6 Re2 35. e5 c4 36. Rc3 Re4 37. Ke6 Kc6 38. Rc1 Kc5 39. Kf6 Rf4+ 40. Ke7 g5 41. e6 Re4 42. Kd7 Kd5 43. e7 c3 44. Rd1+ Kc4 45. e8Q Rxe8 46. Kxe8 c2 47. Rd7 Kb3 48. Rb7+ Ka2 49. Rc7 Kb2 50. Rb7+ Ka2 1/2-1/2